Statistics for All Renee Rapp Songs

Click here to take the quiz!

General Stats

  • This quiz has been taken 268 times
  • The average score is 18 of 22

Answer Stats

Answer% Correct
Snow Angel
96%
In The Kitchen
92%
Talk Too Much
89%
Too Well
89%
Poison Poison
88%
Tattoos
88%
Colorado
87%
I Hate Boston
87%
Don't Tell My Mom
86%
Moon
86%
Pretty Girls
86%
The Wedding Song
86%
Bruises
85%
Tummy Hurts
85%
23
84%
Willow
84%
Gemini Moon
83%
I Wish
81%
What Can I Do
79%
So What Now
74%
Everything To Everyone (Intro)
72%
Everything To Everyone - Extended Version
54%

Score Distribution

Percentile by Number Answered

Percent of People with Each Score

Your Score History

You have not taken this quiz